000 00792nam a22002172a 4500
001 17434
003 BD-RjUL
005 20211209000135.0
008 140217r19601947enka 000 0 eng d
035 _aOCLC ocm07345384 from D951121M
_a(BD-RjUL)17492
040 _aDLC
_cAKR
_dEQO
_dBD-RjUL
_beng
041 _aeng
082 _a657
_bIND 1960
110 2 _aInstitute of Chartered Accountants in England and Wales.
_bTaxation and Financial Relations Committee.
_953723
245 1 0 _aDevelopments in cost accounting :
_breport of the Cost Accounting Sub-committee of the Taxation and Financial Relations Committee.
260 _aLondon :
_bGee,
_c1947 [reprinted 1960]
300 _a52 p. :
_bill. ;
_c21 cm.
650 0 _aCost accounting.
_953715
942 _2ddc
_cBK
999 _c17434
_d17434